| 000 | 00524nam a2200205Ia 4500 | ||
|---|---|---|---|
| 003 | OSt | ||
| 005 | 20230505133610.0 | ||
| 008 | 210423s2006 xx 000 0 und d | ||
| 020 | _a8180940255 | ||
| 040 | _cAL | ||
| 041 | _aeng | ||
| 082 | _a574.87322 RAJP | ||
| 100 |
_aRAJENDRAN (P);GUNASEKARAN (P). _998723 |
||
| 245 | _aMicrobial bioremediation. | ||
| 260 |
_aChennai _bOxford University Press _c2006 |
||
| 300 |
_axiv,282 _bPB |
||
| 365 |
_b300 _cINR |
||
| 906 | _abioremediation. ; Microbial | ||
| 942 |
_2ddc _cBK |
||
| 999 |
_c163352 _d163352 |
||